01170cam a22002651 4500001001300000003000400013005001700017008004100034010001700075035001800092040002700110042001200137050002700149051002200176100003500198245006000233260007800293300001100371410006600382410010400448501023600552650002500788650004000813700005100853hew59000095 DLC20260227111510.0720330s1959 xx 000 0 eng  ahew59000095  a(OCoLC)273610 aDLCcODaWUdOCoLCdDLC apremarc00aL111b.A6 1959, no. 22 aL111b.A78 no. 321 aReason, Paul L.,d1917-ecomp.10aProperty accounting for local and State school systems. bU.S. Dept. of Health, Education, and Welfare, Office of Educationc[1959] a194 p.10aUnited States.bOffice of Education.tBulletin, 1959,vno. 2210aUnited States.bOffice of Education.tState educational records and reports series, handbookvno. 3 aCopies 1 and 2 of L111.A6 with: Financial accounting for school activities / Everett V. Samuelson. Washington : U.S. Dept. of Health, Education, and Welfare, Office of Education, 1959. Bound together subsequent to publication.5DLC 0aSchoolsxAccounting. 0aSchoolsxFurniture, equipment, etc.1 aTankard, George Granville,d1920-ejoint comp.